Mtawa Mweusi (Record no. 4354)

000 -LEADER
fixed length control field 00433nam a22001577a 4500
003 - CONTROL NUMBER IDENTIFIER
control field OSt
005 - DATE AND TIME OF LATEST TRANSACTION
control field 20240902102237.0
008 - FIXED-LENGTH DATA ELEMENTS--GENERAL INFORMATION
fixed length control field 240902b |||||||| |||| 00| 0 eng d
020 ## - INTERNATIONAL STANDARD BOOK NUMBER
International Standard Book Number 9781234567897
050 ## - LIBRARY OF CONGRESS CALL NUMBER
Classification number PR 9381.9 .N45B5 2021
100 ## - MAIN ENTRY--PERSONAL NAME
Personal name Thiong'o., wa Ngugi
245 ## - TITLE STATEMENT
Title Mtawa Mweusi
Statement of responsibility, etc Ngugi, Wa Thiong'o.
260 ## - PUBLICATION, DISTRIBUTION, ETC. (IMPRINT)
Place of publication, distribution, etc Nairobi
Name of publisher, distributor, etc East Africa Educational Publishers
Date of publication, distribution, etc 2021 (1970)
300 ## - PHYSICAL DESCRIPTION
Extent vii, 72p
Dimensions 20cm
942 ## - ADDED ENTRY ELEMENTS (KOHA)
Source of classification or shelving scheme
Koha item type Book

No items available.


Riara University Library,
P.O. Box 49940-00100,
Nairobi, Kenya.